[Event "VII C.to Italiano U20"]
[Site "Laveno-Mombello ITA"]
[Date "1999.08.19"]
[Round "9"]
[White "Lorusso, Giuseppe"]
[Black "Arcion, Riccardo"]
[Result "1/2-1/2"]
[WhiteElo "1528"]
[BlackElo "1536"]
[PlyCount "108"]
[EventDate "1999.08.11"]

1. d4 d5 2. c4 e6 3. Nc3 Nf6 4. Bg5 Nbd7 5. e3 Be7 6. Nf3 O-O 7. Rc1 c6 8. Bd3
h6 9. Bh4 Re8 10. O-O dxc4 11. Bxc4 b5 12. Bd3 Bb7 13. Qe2 a6 14. Rfd1 Qb6 15.
Ne4 Nxe4 16. Bxe7 Rxe7 17. Bxe4 Rc8 18. b4 a5 19. a3 axb4 20. axb4 Ra8 21. Bc2
Nf8 22. Ra1 Ree8 23. Nd2 e5 24. dxe5 Rxe5 25. Rxa8 Bxa8 26. Nb3 Bb7 27. Nc5 Bc8
28. Qf3 Ne6 29. Nxe6 Rxe6 30. Qf5 g6 31. Qd3 Re8 32. Qd6 Be6 33. Be4 Bg4 34.
Qxc6 Qxc6 35. Bxc6 Rc8 36. Bf3 Bxf3 37. gxf3 Rc4 38. Rd4 Rxd4 39. exd4 Kf8 40.
Kf1 Ke7 41. Ke2 Kd6 42. Kd3 Kd5 43. Kc3 f6 44. Kd3 f5 45. h4 g5 46. hxg5 hxg5
47. Kc3 Kc6 48. Kd2 Kd6 49. Ke3 Ke6 50. f4 g4 51. d5+ Kxd5 52. Kd3 Kc6 53. Kd4
Kd6 54. Ke3 Ke6 1/2-1/2

[Event "VII C.to Italiano U20"]
[Site "Laveno-Mombello ITA"]
[Date "1999.08.19"]
[Round "9"]
[White "Mariano, Elia"]
[Black "Forato, Piero"]
[Result "1/2-1/2"]
[WhiteElo "2235"]
[BlackElo "1665"]
[PlyCount "28"]
[EventDate "1999.08.11"]

1. d4 Nf6 2. c4 g6 3. Nc3 Bg7 4. e4 d6 5. Nf3 O-O 6. Be2 e5 7. d5 Nbd7 8. Bg5
a5 9. Nd2 Nc5 10. O-O h6 11. Be3 Nfd7 12. b3 f5 13. f3 f4 14. Bf2 Nf6 1/2-1/2

[Event "VII C.to Italiano U20"]
[Site "Laveno-Mombello ITA"]
[Date "1999.08.19"]
[Round "9"]
[White "Serio, Danilo"]
[Black "Pelosin, Matteo"]
[Result "1-0"]
[WhiteElo "1588"]
[BlackElo "1606"]
[PlyCount "119"]
[EventDate "1999.08.11"]

1. g4 d5 2. Bg2 Bxg4 3. c4 Nf6 4. Qb3 e6 5. cxd5 exd5 6. Nc3 Nbd7 7. Nxd5 Bc5
8. Nxf6+ Qxf6 9. Nf3 Rb8 10. d3 O-O 11. Bd2 Bxf3 12. Bxf3 Qh4 13. O-O-O Bxf2
14. Be1 Bxe1 15. Rdxe1 Ne5 16. Be4 Qf4+ 17. Kb1 Qd2 18. Rhg1 a5 19. Qd5 Rfe8
20. Ref1 Rbd8 21. Qb3 Qxe2 22. Bd5 Rf8 23. Be4 Nxd3 24. Qc3 g6 25. Bf3 Qe5 26.
Qa3 Qc5 27. Qb3 Qb4 28. Qc2 Qxb2+ 29. Qxb2 Nxb2 30. Kxb2 Rd2+ 31. Kc3 Rxh2 32.
Bd5 Re2 33. Rh1 Kg7 34. Rh3 b6 35. Rfh1 h5 36. Rg1 Kh6 37. Rhg3 Re5 38. Bb3 g5
39. Bc2 Rg8 40. Rf3 Kg7 41. Rgf1 Rf8 42. Bb3 f6 43. Rd3 Re7 44. Rh1 Kg6 45. Bc2
f5 46. Rd5 g4 47. Rf1 Ref7 48. Re5 g3 49. Re3 h4 50. Rf4 Kg5 51. Rf1 f4 52.
Re5+ Kg4 53. Bg6 Rg7 54. Bh5+ Kh3 55. Rh1+ Kg2 56. Ree1 Re7 57. Reg1+ Kf2 58.
Rf1+ Ke3 59. Re1+ Kf2 60. Rhf1+ 1-0

[Event "VII C.to Italiano U20"]
[Site "Laveno-Mombello ITA"]
[Date "1999.08.19"]
[Round "9"]
[White "Tappeiner, Michael"]
[Black "Ibba, Isacco"]
[Result "1-0"]
[WhiteElo "1579"]
[BlackElo "1786"]
[PlyCount "115"]
[EventDate "1999.08.11"]

1. d4 d5 2. c4 c6 3. Nc3 Nf6 4. e3 e6 5. cxd5 exd5 6. Nf3 Bd6 7. Bd3 O-O 8. Bd2
Bg4 9. O-O Nbd7 10. h3 Bh5 11. Re1 Bg6 12. e4 dxe4 13. Nxe4 Nxe4 14. Bxe4 Nf6
15. Bxg6 fxg6 16. Qb3+ Nd5 17. Qxb7 Kh8 18. Qxc6 Rc8 19. Qa4 Rc7 20. Ba5 Nb6
21. Bxb6 axb6 22. Re4 Rcf7 23. Rae1 Qf6 24. Re8 h5 25. Rxf8+ Bxf8 26. Qc2 Kh7
27. Qd2 Rd7 28. Qg5 Rc7 29. Qxf6 gxf6 30. Re6 b5 31. Rxf6 Be7 32. Rb6 b4 33. a3
bxa3 34. bxa3 Bxa3 35. g3 Bf8 36. Kg2 Bg7 37. Ng5+ Kh6 38. Ne6 Rd7 39. Nxg7
Kxg7 40. Rb4 Kf6 41. Kf3 g5 42. Rb6+ Kg7 43. Ke3 Re7+ 44. Kd2 Rd7 45. Kd3 Rf7
46. Rb2 Rd7 47. Re2 Kf6 48. Re5 Rd6 49. Ke4 Ra6 50. Rf5+ Kg6 51. Ke5 Ra5+ 52.
d5 Rxd5+ 53. Kxd5 Kxf5 54. Kd4 Kf6 55. Ke4 Ke6 56. f4 Kf6 57. f5 h4 58. g4 1-0

[Event "IV Festival A"]
[Site "Nereto ITA"]
[Date "1999.08.11"]
[Round "1"]
[White "Bocchicchio, Gaetano"]
[Black "Rettore, Ludwig"]
[Result "0-1"]
[WhiteElo "2209"]
[BlackElo "1909"]
[PlyCount "60"]
[EventDate "1999.08.11"]

1. d4 c5 2. d5 e5 3. e4 d6 4. Nc3 Be7 5. Nf3 Bg4 6. Be2 Nf6 7. h3 Bxf3 8. Bxf3
O-O 9. O-O Nbd7 10. Qe2 Kh8 11. Nd1 Ng8 12. Ne3 g6 13. g4 Ndf6 14. a4 Ne8 15.
Bd2 Ng7 16. Bg2 Bg5 17. Bc3 Bf4 18. Nc4 f5 19. f3 fxg4 20. fxg4 h5 21. Bf3 hxg4
22. hxg4 Qg5 23. Nxd6 Nh5 24. Nc4 Ng3 25. Qh2+ Kg7 26. Nxe5 Nf6 27. Nd3 Rh8 28.
Nxf4 Qxf4 29. Bxf6+ Kxf6 30. Bg2 Ne2+ 0-1

[Event "IV Festival A"]
[Site "Nereto ITA"]
[Date "1999.08.11"]
[Round "1"]
[White "Efimov, Igor"]
[Black "Sbraccia, Giovanni"]
[Result "1-0"]
[WhiteElo "2445"]
[BlackElo "2134"]
[PlyCount "129"]
[EventDate "1999.08.11"]

1. d4 Nf6 2. c4 c5 3. d5 b5 4. Nd2 g6 5. e4 d6 6. cxb5 Bg7 7. Ne2 O-O 8. Nc3 a6
9. bxa6 Nxa6 10. Nc4 Nd7 11. Bg5 Ne5 12. Nxe5 Bxe5 13. Bc4 Rb8 14. Qe2 Qb6 15.
Nd1 Nc7 16. O-O Re8 17. Rb1 Bd7 18. Ne3 Nb5 19. f4 Nd4 20. Qf2 Bg7 21. f5 f6
22. Bh4 Bb5 23. b3 Bxc4 24. Nxc4 Qa7 25. Qd2 Rb4 26. Bf2 Reb8 27. Rbd1 R4b5 28.
Bxd4 cxd4 29. Rf3 Kf7 30. Qf2 Ra8 31. a4 Rb4 32. Rxd4 Rab8 33. Rdd3 Rxa4 34.
Qxa7 Rxa7 35. g4 Bh6 36. Kg2 Ra2+ 37. Rf2 Ra1 38. Rb2 Re1 39. Rd4 Bc1 40. Rb1
Re2+ 41. Kg3 Rc2 42. Na5 g5 43. Rc4 Bf4+ 44. Kf3 Rxh2 45. Rc7 Rh8 46. Nc6 h5
47. Rxe7+ Kf8 48. e5 hxg4+ 49. Ke4 Re2+ 50. Kd3 Rd2+ 51. Kc3 Rxd5 52. exf6 Rc5+
53. Kd4 Rxc6 54. Kd5 Rc5+ 55. Ke6 Re5+ 56. Kd7 Rxe7+ 57. fxe7+ Kf7 58. Rh1 Rb8
59. Rh7+ Kg8 60. f6 g3 61. f7+ Kxh7 62. e8=Q g2 63. Qxb8 g1=Q 64. Qg8+ Kh6 65.
f8=Q+ 1-0

[Event "IV Festival A"]
[Site "Nereto ITA"]
[Date "1999.08.11"]
[Round "1"]
[White "Foisor, Cristina-Adela"]
[Black "Tribuiani, Renato"]
[Result "1-0"]
[WhiteElo "2371"]
[BlackElo "2128"]
[PlyCount "135"]
[EventDate "1999.08.11"]

1. Nf3 Nf6 2. g3 g6 3. b3 c5 4. Bb2 Bg7 5. c4 b6 6. Bg2 Bb7 7. O-O O-O 8. d3 d6
9. Nbd2 Na6 10. a3 Nc7 11. b4 Nd7 12. Qb3 Ne6 13. e3 Qc7 14. Rab1 Rfd8 15. d4
Nef8 16. bxc5 bxc5 17. d5 Rdb8 18. Bxg7 Kxg7 19. Qc3+ Kg8 20. h4 Ba6 21. h5
Rxb1 22. Rxb1 gxh5 23. Nh4 Ne5 24. f4 Ng4 25. Nf5 f6 26. Bf3 Bc8 27. Be4 Ng6
28. Kg2 Rb8 29. Rh1 Qb6 30. Rb1 Qc7 31. Kf3 Rxb1 32. Bxb1 Qb7 33. Be4 Bd7 34.
Qc2 Qa6 35. Qb3 Qa4 36. Ke2 Qa5 37. Nf3 Qb6 38. Qc3 Bxf5 39. Bxf5 Nh6 40. Bc2
Qb8 41. e4 Qc8 42. f5 Ne5 43. Nxe5 fxe5 44. Qd2 Qf8 45. Qa5 Qb8 46. Qb5 Qd8 47.
Qb7 a5 48. Ba4 Kg7 49. Qb2 Kf6 50. Qd2 Ng4 51. Kd3 Qb8 52. Kc2 Qg8 53. Bd7 h6
54. Kb3 Qg5 55. Qxa5 Qe3+ 56. Ka4 Qxg3 57. Qd8 h4 58. Qf8+ Kg5 59. Qxe7+ Kf4
60. f6 Nxf6 61. Qxf6+ Kxe4 62. Qxh6 Qf4 63. Qxd6 Qe3 64. Qg6+ Kd4 65. d6 Qf3
66. Qg4+ e4 67. Qxf3 exf3 68. Bh3 1-0

[Event "IV Festival A"]
[Site "Nereto ITA"]
[Date "1999.08.11"]
[Round "1"]
[White "Iordachescu, Viorel"]
[Black "Lauria, Amilcare"]
[Result "1-0"]
[WhiteElo "2553"]
[BlackElo "2172"]
[PlyCount "83"]
[EventDate "1999.08.11"]

1. e4 c5 2. Nf3 e6 3. d4 cxd4 4. Nxd4 a6 5. Nc3 Qc7 6. Bd3 Nc6 7. Nxc6 Qxc6 8.
O-O b5 9. Qe2 Bb7 10. Bg5 Bc5 11. Kh1 f6 12. Bd2 Ne7 13. a4 b4 14. Na2 a5 15.
c3 bxc3 16. Nxc3 O-O 17. Bb5 Qb6 18. Bxd7 Rad8 19. Bb5 Nc6 20. Be3 Bxe3 21.
fxe3 Ne5 22. Rad1 Qc7 23. h3 Qc5 24. Rxd8 Rxd8 25. Rd1 Qc7 26. Rd4 Bc6 27. Bxc6
Rxd4 28. exd4 Nxc6 29. Qc4 Qd6 30. Nb5 Qd7 31. Qc5 h6 32. Kg1 Nb4 33. Qd6 Qxd6
34. Nxd6 Nd3 35. Nc4 Kf8 36. Kf1 f5 37. exf5 exf5 38. Ke2 Nf4+ 39. Kf3 g5 40.
Nxa5 Nd5 41. Nc4 Ke7 42. Ne3 1-0

[Event "IV Festival A"]
[Site "Nereto ITA"]
[Date "1999.08.11"]
[Round "1"]
[White "Lputian, Smbat G."]
[Black "Scalcione, Michelangelo"]
[Result "1-0"]
[WhiteElo "2625"]
[BlackElo "2177"]
[PlyCount "81"]
[EventDate "1999.08.11"]

1. d4 Nf6 2. c4 g6 3. Nc3 Bg7 4. e4 d6 5. Be2 O-O 6. Bg5 c5 7. d5 e5 8. h4 h6
9. Be3 Ne8 10. Qd2 Kh7 11. h5 g5 12. f3 Nd7 13. Nh3 Nc7 14. Rb1 a5 15. Nf2 Nf6
16. g4 b6 17. b3 Bd7 18. a3 Qb8 19. O-O Qa7 20. b4 axb4 21. axb4 Rfb8 22. Rb2
Na6 23. Nd3 Bc8 24. Rfb1 Qd7 25. Bd1 Bb7 26. Na4 Bc8 27. bxc5 bxc5 28. Nb6 Rxb6
29. Rxb6 Nc7 30. Qc3 Ra2 31. Qb3 Ra7 32. Qb2 Ba6 33. Ra1 Ra8 34. Ba4 Qd8 35.
Bc6 Bxc4 36. Bxa8 Bxd3 37. Bc6 Nfe8 38. Rb8 Qf6 39. Kg2 Qe7 40. Ra7 Nf6 41.
Rbb7 1-0

[Event "IV Festival A"]
[Site "Nereto ITA"]
[Date "1999.08.11"]
[Round "1"]
[White "Moyse, Nigel John"]
[Black "Zaitsev, Vadim"]
[Result "0-1"]
[WhiteElo "2130"]
[BlackElo "2411"]
[PlyCount "118"]
[EventDate "1999.08.11"]

1. d4 Nf6 2. c4 g6 3. Nc3 Bg7 4. e4 d6 5. Nf3 O-O 6. Be2 e5 7. dxe5 dxe5 8.
Qxd8 Rxd8 9. Bg5 c6 10. h3 Na6 11. O-O Re8 12. Be3 Nh5 13. Nd2 Nf4 14. a3 f5
15. f3 Be6 16. Rfe1 Red8 17. Rac1 Nxh3+ 18. gxh3 f4 19. Bf2 Rxd2 20. b4 Bxh3
21. Red1 Rad8 22. Bxa7 Bf8 23. Bb6 R8d7 24. Bf2 Kf7 25. Be1 Rb2 26. Rxd7+ Bxd7
27. c5 Be6 28. Rb1 Rxb1 29. Nxb1 g5 30. Bc3 Kf6 31. Nd2 h5 32. Bc4 Nc7 33. a4
g4 34. a5 Bd7 35. Be2 Nb5 36. Bb2 Nd4 37. Bxd4 exd4 38. Nc4 g3 39. Bf1 h4 40.
e5+ Ke7 41. Nd6 d3 42. Bxd3 Bg7 43. Nf5+ Bxf5 44. Bxf5 Bxe5 45. Kg2 Kd8 46. Bd3
Bc3 47. b5 Bxa5 48. bxc6 bxc6 49. Bf1 Bb4 50. Kh3 Bxc5 51. Kxh4 Kd7 52. Kg4 Be3
53. Kf5 c5 54. Kg4 Kd6 55. Kh3 Kd5 56. Bd3 c4 57. Bf5 Kd4 58. Kg2 Kc3 59. Be6
Kd3 0-1

[Event "IV Festival A"]
[Site "Nereto ITA"]
[Date "1999.08.11"]
[Round "1"]
[White "Rago, Riccardo"]
[Black "Razuvaev, Yuri S."]
[Result "1/2-1/2"]
[WhiteElo "2175"]
[BlackElo "2559"]
[PlyCount "83"]
[EventDate "1999.08.11"]

1. e4 c5 2. Nf3 e6 3. d3 Nc6 4. g3 Nge7 5. Bg2 g6 6. O-O Bg7 7. c3 e5 8. Be3 d6
9. Qd2 O-O 10. Bh6 f5 11. Bxg7 Kxg7 12. exf5 gxf5 13. d4 e4 14. Ng5 cxd4 15.
cxd4 d5 16. Nh3 Ng6 17. Nc3 b6 18. Rfc1 Qd6 19. Nb5 Qd7 20. Nf4 Bb7 21. h4 Rad8
22. Bf1 Rf7 23. Nc3 Nxf4 24. Qxf4 Qd6 25. Ne2 Qxf4 26. gxf4 Rd6 27. Rc3 Rh6 28.
Rac1 Rff6 29. Ng3 Rxh4 30. Bb5 Nxd4 31. Rc7+ Kh6 32. Rxb7 Rxf4 33. Be8 Rg4 34.
Rcc7 Kg5 35. Rxh7 Kf4 36. Kf1 Ke5 37. Bh5 Rg5 38. Rhe7+ Re6 39. Rxe6+ Nxe6 40.
Bd1 f4 41. Ne2 f3 42. Ng3 1/2-1/2

[Event "IV Festival A"]
[Site "Nereto ITA"]
[Date "1999.08.11"]
[Round "1"]
[White "Rossi, Giampiero"]
[Black "Sibilio, Mario"]
[Result "0-1"]
[WhiteElo "2020"]
[BlackElo "2336"]
[PlyCount "70"]
[EventDate "1999.08.11"]

1. d4 d6 2. c4 g6 3. g3 Bg7 4. Bg2 Nf6 5. Nc3 O-O 6. Nf3 c6 7. O-O Qa5 8. h3
Be6 9. d5 cxd5 10. Nd4 dxc4 11. Nxe6 fxe6 12. Bxb7 Nbd7 13. Bxa8 Rxa8 14. Be3
Nd5 15. Nxd5 exd5 16. Bd4 e5 17. Bc3 Qb5 18. a4 Qb7 19. Bb4 d4 20. Bxd6 Qd5 21.
Ba3 e4 22. Qd2 Rb8 23. Rac1 Ne5 24. Rfd1 Bf6 25. f4 exf3 26. Qxd4 Qxd4+ 27.
Rxd4 fxe2 28. Re4 Nd3 29. Rb1 e1=Q+ 30. Rexe1 Nxe1 31. Rxe1 Rb3 32. Bd6 Bxb2
33. Re8+ Kf7 34. Rc8 Ke6 35. Bf4 Kd5 0-1

[Event "IV Festival A"]
[Site "Nereto ITA"]
[Date "1999.08.11"]
[Round "1"]
[White "Suppa, Ercole"]
[Black "Foisor, Ovidiu-Doru"]
[Result "0-1"]
[WhiteElo "2140"]
[BlackElo "2472"]
[PlyCount "54"]
[EventDate "1999.08.11"]

1. d4 Nf6 2. Nf3 e6 3. e3 b6 4. Bd3 Bb7 5. Nbd2 d6 6. O-O Nbd7 7. Qe2 Be7 8.
Ba6 Qc8 9. Bxb7 Qxb7 10. Re1 O-O 11. Nf1 c5 12. c3 d5 13. Ng3 Bd6 14. Ng5 h6
15. Nh3 Rfe8 16. f4 b5 17. Bd2 a5 18. Kh1 b4 19. Nf2 Ra6 20. Nh5 Nxh5 21. Qxh5
cxd4 22. Ng4 dxc3 23. bxc3 Be7 24. e4 Nf6 25. Nxf6+ Bxf6 26. exd5 bxc3 27. dxe6
Raxe6 0-1

[Event "IV Festival A"]
[Site "Nereto ITA"]
[Date "1999.08.11"]
[Round "1"]
[White "Van Esch, Sebastian"]
[Black "Lazarev, Vladimir"]
[Result "0-1"]
[WhiteElo "2166"]
[BlackElo "2501"]
[PlyCount "66"]
[EventDate "1999.08.11"]

1. d4 Nf6 2. c4 c5 3. d5 b5 4. cxb5 a6 5. bxa6 g6 6. g3 Bg7 7. Bg2 d6 8. Nf3
O-O 9. Nc3 Nxa6 10. O-O Bf5 11. Ne1 Qb6 12. h3 Rfb8 13. g4 Bc8 14. Rb1 Nb4 15.
a3 Na6 16. b3 Nc7 17. Qc2 Bb7 18. Qd2 Nb5 19. Nxb5 Qxb5 20. Nc2 Ba6 21. Re1 Nd7
22. Ne3 Bc8 23. Nc4 Nb6 24. Nxb6 Rxb6 25. a4 Rxa4 26. bxa4 Qxb1 27. Qe3 Bf6 28.
Bd2 Qa2 29. g5 Be5 30. Bc3 Rb3 31. Ra1 Qxa1+ 32. Bxa1 Rxe3 33. fxe3 Bxa1 0-1

[Event "IV Festival A"]
[Site "Nereto ITA"]
[Date "1999.08.12"]
[Round "2"]
[White "Ciolac, Gheorghe"]
[Black "La Spina, Marcello"]
[Result "1/2-1/2"]
[WhiteElo "2364"]
[BlackElo "1990"]
[PlyCount "138"]
[EventDate "1999.08.11"]

1. e4 c5 2. Ne2 Nf6 3. Nbc3 d5 4. exd5 Nxd5 5. Nxd5 Qxd5 6. d4 e6 7. Be3 cxd4
8. Nxd4 a6 9. c3 e5 10. Nf3 Qxd1+ 11. Rxd1 Nc6 12. Bc4 Bg4 13. h3 Bxf3 14. gxf3
Rd8 15. Rxd8+ Nxd8 16. Rg1 g6 17. Ke2 Bd6 18. Rd1 Ke7 19. Bg5+ Kd7 20. Bxd8
Rxd8 21. Bxf7 Rf8 22. Bd5 b6 23. Bb7 a5 24. Be4 Rf4 25. Kf1 Ke7 26. a3 Rf8 27.
Rd5 Rd8 28. Rb5 Bc7 29. Ke2 Kf6 30. a4 Ke7 31. Rb3 Rb8 32. Rb5 Rd8 33. b4 Kd6
34. bxa5 bxa5 35. Rd5+ Ke6 36. Rc5 Kd6 37. Rd5+ Ke6 38. Rc5 Kd6 39. Rc6+ Kd7
40. Rf6 Ke7 41. Rc6 Kd7 42. Ra6 Rb8 43. Bc6+ Ke7 44. Bb5 Bb6 45. Bc4 Kd6 46.
Bg8 h6 47. Bf7 g5 48. Bg6 Kc6 49. Be4+ Kc5 50. Kd3 Rd8+ 51. Kc2 Rb8 52. Kd3
Rd8+ 53. Kc2 Rb8 54. Kd2 Rd8+ 55. Kc1 Rb8 56. Kc2 Rd8 57. Kb3 Rb8 58. Ra8 Rxa8
59. Bxa8 h5 60. Be4 h4 61. Bg6 Kd5 62. Bf7+ Kc5 63. Kc2 Kd6 64. Kd3 Bxf2 65.
Kc4 Be1 66. Bg6 Bd2 67. Be4 Be1 68. Bf5 Bd2 69. Be4 Be1 1/2-1/2

[Event "IV Festival A"]
[Site "Nereto ITA"]
[Date "1999.08.12"]
[Round "2"]
[White "Leoncini, Mario"]
[Black "Rossi, Giampiero"]
[Result "1/2-1/2"]
[WhiteElo "2164"]
[BlackElo "2020"]
[PlyCount "102"]
[EventDate "1999.08.11"]

1. e4 c5 2. c3 d5 3. exd5 Qxd5 4. d4 e6 5. Nf3 Nc6 6. Bd3 cxd4 7. cxd4 Nf6 8.
Nc3 Qd6 9. O-O Be7 10. Qe2 O-O 11. Rd1 Rd8 12. Bg5 Bd7 13. Rac1 Rac8 14. a3 Be8
15. Bb1 h6 16. Bh4 Qf4 17. Bg3 Qg4 18. h3 Qh5 19. Ne4 Nxe4 20. Qxe4 g6 21. Rc3
Rd7 22. Rcd3 Rcd8 23. Ba2 Bf6 24. d5 exd5 25. Rxd5 Rxd5 26. Rxd5 Rxd5 27. Bxd5
Bd7 28. b4 Kg7 29. Bd6 Qf5 30. Qxf5 Bxf5 31. b5 Nd8 32. Bb8 Bb2 33. a4 Bc2 34.
a5 Bd3 35. Bxa7 Bxb5 36. Nd4 Bxd4 37. Bxd4+ f6 38. Bc5 Bc6 39. Bc4 Nf7 40. f4
g5 41. g3 Be4 42. Kf2 Nd8 43. Ke3 Bg2 44. h4 gxh4 45. gxh4 Nc6 46. Bb6 Kg6 47.
Bd3+ f5 48. Bc4 Be4 49. Be2 Kf6 50. Kd2 Ke6 51. Kc3 Kd6 1/2-1/2

[Event "IV Festival A"]
[Site "Nereto ITA"]
[Date "1999.08.12"]
[Round "2"]
[White "Luciani, Valerio"]
[Black "Rigo, Janos"]
[Result "1-0"]
[WhiteElo "2229"]
[BlackElo "2347"]
[PlyCount "71"]
[EventDate "1999.08.11"]

1. d4 e6 2. g3 d5 3. c4 Bb4+ 4. Bd2 Be7 5. Bg2 Nf6 6. Nf3 O-O 7. O-O Nbd7 8. b3
Ne4 9. Qc2 f5 10. Nc3 c6 11. Rad1 Qe8 12. Bf4 g5 13. Nxe4 gxf4 14. Neg5 fxg3
15. Nxe6 gxh2+ 16. Kh1 Qh5 17. Nxf8 Nxf8 18. cxd5 Ng6 19. dxc6 Nf4 20. Qc4+ Kf8
21. d5 Bd6 22. Ne1 Qxe2 23. Qxe2 Nxe2 24. Nf3 Nc3 25. Rd2 Ne4 26. Rc2 bxc6 27.
dxc6 Ba6 28. Rd1 Re8 29. Nd4 Bc8 30. Nb5 Bf4 31. Nxa7 Ba6 32. Bxe4 fxe4 33. c7
e3 34. c8=Q Rxc8 35. Rxc8+ Ke7 36. fxe3 1-0

[Event "IV Festival A"]
[Site "Nereto ITA"]
[Date "1999.08.12"]
[Round "2"]
[White "Razuvaev, Yuri S."]
[Black "Safranska, Anda"]
[Result "1-0"]
[WhiteElo "2559"]
[BlackElo "2267"]
[PlyCount "69"]
[EventDate "1999.08.11"]

1. d4 Nf6 2. c4 g6 3. Nc3 Bg7 4. e4 d6 5. f3 O-O 6. Nge2 a6 7. Be3 Nc6 8. Qd2
Rb8 9. Nc1 e5 10. d5 Nd4 11. Nb3 Nxb3 12. axb3 c5 13. g4 h5 14. h3 Nh7 15. gxh5
Qh4+ 16. Qf2 Qxf2+ 17. Kxf2 gxh5 18. Bd3 Bd7 19. h4 Kh8 20. Ne2 f5 21. exf5
Bxf5 22. Bxf5 Rxf5 23. Ng3 Rf7 24. Ne4 Rd8 25. Ke2 Nf6 26. Ng5 Rfd7 27. Kd3 Re8
28. Ne6 e4+ 29. fxe4 Ng4 30. Raf1 Bxb2 31. Rf5 Rh7 32. Rhf1 Bg7 33. Bf4 Be5 34.
Bd2 Bg7 35. Bc3 1-0

[Event "IV Festival A"]
[Site "Nereto ITA"]
[Date "1999.08.12"]
[Round "2"]
[White "Rettore, Ludwig"]
[Black "Badea, Bela"]
[Result "0-1"]
[WhiteElo "1909"]
[BlackElo "2479"]
[PlyCount "84"]
[EventDate "1999.08.11"]

1. e4 g6 2. d4 Bg7 3. Nc3 d6 4. f4 Nc6 5. Nf3 Bg4 6. Be3 Bxf3 7. gxf3 e6 8. Qd2
d5 9. O-O-O Nce7 10. f5 exf5 11. Re1 fxe4 12. fxe4 Nf6 13. e5 Nd7 14. Bg5 Nf8
15. Bxe7 Kxe7 16. Nb5 Ne6 17. Qb4+ Ke8 18. Nc3 Rb8 19. Bh3 c6 20. Bxe6 fxe6 21.
Ref1 Qe7 22. Qb3 Rf8 23. Na4 b6 24. Qh3 h6 25. Rhg1 g5 26. Qd3 Kd7 27. Qa6
Rxf1+ 28. Rxf1 Kd8 29. Nc3 Rc8 30. Ne2 Rc7 31. Ng3 Qe8 32. Qe2 Rf7 33. Rxf7
Qxf7 34. Nh5 Bf8 35. Kd2 Be7 36. Ke3 Qf5 37. Kd2 g4 38. Ng3 Qf4+ 39. Ke1 Qxd4
40. c3 Qf4 41. Nh5 Bh4+ 42. Kd1 Qf5 0-1

[Event "IV Festival A"]
[Site "Nereto ITA"]
[Date "1999.08.12"]
[Round "2"]
[White "Sibilio, Mario"]
[Black "Iordachescu, Viorel"]
[Result "1/2-1/2"]
[WhiteElo "2336"]
[BlackElo "2553"]
[PlyCount "64"]
[EventDate "1999.08.11"]

1. d4 Nf6 2. c4 e6 3. Nc3 Bb4 4. Bg5 h6 5. Bh4 c5 6. d5 d6 7. e3 Bxc3+ 8. bxc3
e5 9. f3 Nbd7 10. e4 Nf8 11. Ne2 Qe7 12. Rb1 Kd8 13. Qd2 Kc7 14. Bf2 g5 15. h4
gxh4 16. Bxh4 Bd7 17. Bg5 h5 18. Ng3 N8h7 19. Be3 h4 20. Rxh4 Rag8 21. Bxc5 Ne8
22. Rxh7 Rxh7 23. Bf2 Bc8 24. Qe3 Qg5 25. Qxa7 Kd8 26. c5 f6 27. c6 Rc7 28.
cxb7 Rxb7 29. Rxb7 Qc1+ 30. Ke2 Qc2+ 31. Ke1 Qc1+ 32. Ke2 Qc2+ 1/2-1/2

[Event "IV Festival A"]
[Site "Nereto ITA"]
[Date "1999.08.12"]
[Round "2"]
[White "Szonyi, Kata"]
[Black "Rago, Riccardo"]
[Result "0-1"]
[WhiteElo "2101"]
[BlackElo "2175"]
[PlyCount "66"]
[EventDate "1999.08.11"]

1. e4 c5 2. Nf3 Nc6 3. d4 cxd4 4. Nxd4 Nf6 5. Nc3 e5 6. Ndb5 d6 7. Bg5 a6 8.
Na3 b5 9. Nd5 Be7 10. Nxe7 Nxe7 11. Bd3 Bb7 12. Qe2 Ng6 13. O-O h6 14. Bxf6
gxf6 15. g3 f5 16. f3 f4 17. c3 Qg5 18. Bxb5+ axb5 19. Qxb5+ Kf8 20. Qxb7 Kg7
21. Nc4 fxg3 22. Qd7 Rhg8 23. Qg4 gxh2+ 24. Kxh2 Qe7 25. Ne3 Kh7 26. Nf5 Qf6
27. Rg1 d5 28. Qh5 Nf4 29. Qh4 Qa6 30. Qf2 dxe4 31. fxe4 Qd3 32. Ng3 Rg4 33.
Rh1 Rag8 0-1

[Event "IV Festival A"]
[Site "Nereto ITA"]
[Date "1999.08.12"]
[Round "2"]
[White "Zaitsev, Vadim"]
[Black "Lputian, Smbat G."]
[Result "1-0"]
[WhiteElo "2411"]
[BlackElo "2625"]
[PlyCount "119"]
[EventDate "1999.08.11"]

1. e4 c5 2. Nc3 e6 3. Nf3 Nc6 4. d4 cxd4 5. Nxd4 d6 6. g4 Nge7 7. Be3 Ng6 8. g5
Be7 9. h4 h6 10. gxh6 Rxh6 11. Bxh6 gxh6 12. Nf3 Qb6 13. Qd2 Qxb2 14. Rb1 Qa3
15. Be2 Qa5 16. Nb5 Qxd2+ 17. Nxd2 Kf8 18. Nc4 d5 19. exd5 exd5 20. Ne3 d4 21.
Nd5 Bxh4 22. Nd6 Bg5 23. Nxc8 Rxc8 24. Rxb7 Nce5 25. Rc7 Rd8 26. Rc5 Re8 27.
Kf1 Rb8 28. Rb5 Rc8 29. Nb4 Nc4 30. Bd3 Nf4 31. Kg1 Nd2 32. Kh2 Bh4 33. Rd1
Nf3+ 34. Kh1 Kg7 35. Rf5 Bg5 36. Be4 Nh4 37. Ra5 Nh3 38. Rf1 Bd2 39. Rh5 Bxb4
40. Rxh4 Ng5 41. Bd3 Nf3 42. Rf4 Ne5 43. Rxd4 Nxd3 44. cxd3 Ba5 45. Rd5 Bb6 46.
a4 Rc2 47. a5 Bxf2 48. Rf5 Be3 49. Rxf7+ Kg6 50. Re7 Bf2 51. Re6+ Kg5 52. Kg2
Bc5+ 53. Kf3 Kf5 54. Re4 Ra2 55. Kg3+ Kg6 56. Rg4+ Kh7 57. Rf7+ Kh8 58. d4 Bd6+
59. Kf3 Rxa5 60. Rf6 1-0

[Event "IV Festival A"]
[Site "Nereto ITA"]
[Date "1999.08.13"]
[Round "3"]
[White "Bocchicchio, Gaetano"]
[Black "Ciolac, Gheorghe"]
[Result "1-0"]
[WhiteElo "2209"]
[BlackElo "2364"]
[PlyCount "117"]
[EventDate "1999.08.11"]

1. d4 d5 2. Nc3 Nf6 3. Bg5 Nbd7 4. e4 dxe4 5. f3 exf3 6. Nxf3 h6 7. Bh4 e6 8.
Bd3 Be7 9. Qe2 Nb6 10. O-O Nbd5 11. Nxd5 Qxd5 12. c4 Qh5 13. h3 c6 14. g4 Qa5
15. Ne5 Bd7 16. a3 Rf8 17. b4 Qb6 18. c5 Qd8 19. b5 Qc7 20. Bg3 Nd5 21. Kh2 Qa5
22. Nxd7 Kxd7 23. bxc6+ bxc6 24. Rab1 Rac8 25. Rb7+ Rc7 26. Bxc7 Nxc7 27. Rfb1
Bf6 28. Be4 Bxd4 29. Bxc6+ Ke7 30. R1b5 Qxa3 31. Rxc7+ Kf6 32. Qf1+ Kg6 33.
Be4+ f5 34. gxf5+ exf5 35. Rc6+ Kh7 36. Bg2 Be5+ 37. Kh1 Qg3 38. Qg1 Rd8 39.
Rb1 Rd2 40. Re6 Bd4 41. Qh2 Qd3 42. Rf1 Rf2 43. Ree1 Bxc5 44. Qe5 Bd6 45. Qe3
Rxf1+ 46. Bxf1 Qc2 47. Bg2 Bc5 48. Qe6 h5 49. Qe2 Qxe2 50. Rxe2 g6 51. Bc6 Kh6
52. Be8 f4 53. Kg2 Kg7 54. Kf3 Be3 55. Rg2 Kf6 56. Rxg6+ Ke7 57. Ba4 h4 58. Rh6
a5 59. Rxh4 1-0

[Event "IV Festival A"]
[Site "Nereto ITA"]
[Date "1999.08.13"]
[Round "3"]
[White "Foisor, Cristina-Adela"]
[Black "Lazarev, Vladimir"]
[Result "1/2-1/2"]
[WhiteElo "2371"]
[BlackElo "2501"]
[PlyCount "62"]
[EventDate "1999.08.11"]

1. Nf3 c5 2. g3 Nc6 3. Bg2 e5 4. d3 g6 5. O-O Bg7 6. c3 Nge7 7. a3 a5 8. a4 O-O
9. Na3 d6 10. e4 h6 11. Nd2 Be6 12. Ndc4 d5 13. exd5 Nxd5 14. Re1 Kh7 15. Be3
b6 16. Bd2 Rb8 17. Qc2 Qd7 18. Nb5 Rfd8 19. f4 Nde7 20. Ncd6 f5 21. Rad1 exf4
22. gxf4 Bg8 23. Bc1 Bf6 24. Rf1 Nc8 25. Nc4 N8a7 26. Nxa7 Nxa7 27. Ne5 Qc7 28.
b3 Rd6 29. c4 Rbd8 30. Bb2 Be6 31. Qf2 Bc8 1/2-1/2

[Event "IV Festival A"]
[Site "Nereto ITA"]
[Date "1999.08.13"]
[Round "3"]
[White "Iordachescu, Viorel"]
[Black "Luciani, Valerio"]
[Result "1-0"]
[WhiteElo "2553"]
[BlackElo "2229"]
[PlyCount "79"]
[EventDate "1999.08.11"]

1. e4 e6 2. d4 d5 3. Nc3 Bb4 4. e5 c5 5. a3 Bxc3+ 6. bxc3 Ne7 7. Nf3 Nbc6 8. h4
Qa5 9. Bd2 Qa4 10. Qb1 c4 11. h5 h6 12. g3 Bd7 13. Bh3 O-O-O 14. O-O Kb8 15.
Qc1 Rdg8 16. Kh2 Qa5 17. a4 Qd8 18. Qe1 Nf5 19. g4 Nh4 20. Nxh4 Qxh4 21. f4 Qd8
22. f5 Qe8 23. Bc1 Nd8 24. Ba3 g6 25. f6 gxh5 26. gxh5 Rg5 27. Qe2 Bxa4 28. Bc1
Rgg8 29. Bf4 Bd7 30. Qd2 Rh7 31. Rg1 Rxg1 32. Rxg1 Qh8 33. Qc1 Ba4 34. Qa3 Bxc2
35. Qd6+ Kc8 36. Qxd5 Bd3 37. Qc5+ Kb8 38. d5 Qe8 39. Be3 b6 40. Qd6+ 1-0